=LDR 00000nam 2200000 4500 =001 INLIS000000000809880 =005 20250903091603 =035 ##$$a 0010-0925000005 =007 ta =008 250903###########################0###### =020 ##$$a 978-979-662-308-2 =082 ##$$a 300 =084 ##$$a 327 AMI h =245 ##$$a Hubungan Internasional /$c Amin Suprihatini =260 ##$:$b Klaten : PT. Penerbit Cempaka Putih., 2008 =300 ##$; $c iv, 60 hlm.; Ilus.: 25 cm =990 ##$$a 00000001615